Name That Author Quiz Stats

 Plays Quiz Updated Oct 1, 2018

Score 0/28 Timer 08:00
8 Plays Today
Books Author % Correct
A Christmas Carol, David Copperfield, A Tale of Two CitiesCharles Dickens
87.5%
Da Vinci Code, Deception Point, Angels & DemonsDan Brown
85.2%
Pride and Prejudice, Emma, Mansfield ParkJane Austen
84.9%
Of Mice and Men, The Grapes of Wrath, Tortilla FlatJohn Steinbeck
82.5%
Charlie and the Chocolate Factory, The BFG, MatildaRoald Dahl
80.3%
The Sun Also Rises, The Garden of Eden, The Old Man and the SeaErnest Hemingway
79.6%
Carrie, It, The ShiningStephen King
79.4%
War and Peace, The Death of Ivan Ilyich, Anna KareninaLeo Tolstoy
74.5%
Jane Eyre, Shirley, VilletteCharlotte Brontë
74%
Stephen Hero, Ulysses, DublinersJames Joyce
64.7%
The Scarlet Letter, The Blithedale Romance, The House of the Seven GablesNathaniel Hawthorne
61.5%
Twilight, Breaking Dawn, EclipseStephenie Meyer
57.9%
Jurassic Park, Rising Sun, CongoMichael Crichton
54.1%
Little Women, Hospital Sketches, Under the LilacsLouisa May Alcott
54%
Books Author % Correct
The Notebook, A Walk to Remember, Nights in RodantheNicholas Sparks
51.6%
Sula, Beloved, The Bluest EyeToni Morrison
51%
On the Road, Big Sur, The Dharma BumsJack Kerouac
47.7%
A Time To Kill, The Rainmaker, Playing for PizzaJohn Grisham
43.8%
The Return of the Native, The Woodlanders, Tess of the d'UrbervillesThomas Hardy
43%
Tuesdays with Morrie, The Five People You Meet in Heaven, For One More DayMitch Albom
33.7%
Angela’s Ashes, Tis, Teacher Man Frank McCourt
31.6%
The Longest Journey, Howards End, A Passage to IndiaE.M. Forster
28.2%
Fight Club, Choke, SnuffChuck Palahniuk
25.8%
The Tipping Point, Blink, OutliersMalcolm Gladwell
23.8%
Along Came A Spider, Four Blind Mice, 1st to DieJames Patterson
22.8%
Into Thin Air, Into the Wild, Under the Banner of HeavenJon Krakauer
19.8%
A Heartbreaking Work of Staggering Genius, You Shall Know Our Velocity, ZeitounDave Eggers
17.4%
Even Cowgirls Get the Blues, Still Life with Woodpecker, Jitterbug Perfume Tom Robbins
11.2%

You're not logged in!

Compare scores with friends on all Sporcle quizzes.
OR
Log In

Show Comments

Extras

Top Quizzes Today


Score Distribution

Your Account Isn't Verified!

In order to create a playlist on Sporcle, you need to verify the email address you used during registration. Go to your Sporcle Settings to finish the process.

Report this User

Report this user for behavior that violates our Community Guidelines.

Details: